Minecraft Items: Banner Patterns - Statistics

General Stats
  • This quiz has been taken 15 times
  • The average score is 3 of 10
Answer Stats
Answer % Correct
Flow
71%
Snout
43%
Flower Charge
29%
Globe
29%
Guster
29%
Skull Charge
29%
Thing
29%
Creeper Charge
14%
Bordure Indented
0%
Field Masoned
0%
No matching quizzes found
Score Distribution
Percent of People with Each Score
Percentile by Number Answered
Your Score History
You have not taken this quiz